[Event "Bodensee op"]
[Site "Bregenz"]
[Date "2022.05.23"]
[Round "3"]
[White "Maier, Peter"]
[Black "Bauer, Thomas"]
[Result "1-0"]
[WhiteElo "2087"]
[BlackElo "2216"]
[PlyCount "91"]
[EventDate "2022.05.21"]
[EventType "swiss"]
[EventRounds "9"]
[EventCountry "AUT"]
[SourceTitle "CBM 208 Extra"]
[Source "ChessBase"]
[SourceDate "2022.07.31"]
[SourceVersion "1"]
[SourceVersionDate "2022.07.31"]
[SourceQuality "1"]

1. d4 Nf6 2. Bf4 g6 3. Nf3 Bg7 4. e3 0-0 5. Nc3 d6 6. Qd2 a6 7. Be2 Nc6 8. e4 b5 9. Bd3 Bg4 10. d5 Bxf3 11. gxf3 Ne5 12. Be2 Re8 13. Bh6 Bh8 14. h4 c5 15. h5 Rb8 16. hxg6 fxg6 17. Nd1 Nf7 18. Bf4 Qd7 19. Ne3 Nh5 20. Rxh5 gxh5 21. 0-0-0 Bf6 22. Rh1 c4 23. Rxh5 c3 24. Qe1 cxb2+ 25. Kb1 Nh8 26. Ng4 Ng6 27. Be3 Rbc8 28. Qh1 Nf8 29. Bd3 Rc4 30. e5 Rxg4 31. exf6 exf6 32. fxg4 Qxg4 33. Rh3 Qb4 34. Bxh7+ Kf7 35. Bd3 Re5 36. Rh4 Qc3 37. Qd1 Ke7 38. Rh1 Qb4 39. Bd2 Qc5 40. Re1 Qxf2 41. Rxe5+ fxe5 42. Bg5+ Ke8 43. Qg4 b4 44. Kxb2 Qe1 45. Qh5+ Kd7 46. Qf7+ 1-0

[Event "Bodensee op"]
[Site "Bregenz"]
[Date "2018.05.06"]
[Round "2"]
[White "Maier, Peter"]
[Black "Ernst, Thomas"]
[Result "0-1"]
[WhiteElo "2053"]
[BlackElo "2355"]
[PlyCount "72"]
[EventDate "2018.05.05"]
[EventType "swiss"]
[EventRounds "9"]
[EventCountry "AUT"]
[SourceTitle "CBM 184 Extra"]
[Source "ChessBase"]
[SourceDate "2018.06.28"]
[SourceVersion "1"]
[SourceVersionDate "2018.06.28"]
[SourceQuality "1"]

1. d4 Nf6 2. Bf4 g6 3. e3 Bg7 4. Nf3 0-0 5. Be2 d6 6. Nbd2 Nh5 7. Bg5 h6 8. Bh4 g5 9. Ng1 Nf6 10. Bg3 c5 11. c3 Nc6 12. dxc5 dxc5 13. Qc2 Be6 14. Ngf3 a6 15. Ne4 Nxe4 16. Qxe4 Qd5 17. Nd2 Rfd8 18. Qxd5 Bxd5 19. f3 b5 20. Nb3 c4 21. Nd4 Nxd4 22. cxd4 Rac8 23. 0-0 c3 24. bxc3 Rxc3 25. Bf2 Ra3 26. Rfc1 b4 27. Rab1 a5 28. Rb2 Rxa2 29. Rxa2 Bxa2 30. Be1 b3 31. Bc3 a4 32. Bb2 e6 33. Bb5 Ra8 34. Bc6 a3 35. Bxa8 axb2 36. Rc8+ Bf8 0-1

[Event "AUT-ch"]
[Site "Feldkirch"]
[Date "2013.07.27"]
[Round "8"]
[White "Maier, Peter"]
[Black "Holzmann, Herbert"]
[Result "0-1"]
[WhiteElo "2195"]
[BlackElo "2116"]
[PlyCount "126"]
[EventDate "2013.07.20"]
[EventType "swiss"]
[EventRounds "9"]
[EventCountry "AUT"]
[SourceTitle "CBM 155 Extra"]
[Source "ChessBase"]
[SourceDate "2013.08.26"]
[SourceVersion "1"]
[SourceVersionDate "2013.08.26"]
[SourceQuality "1"]

1. d4 Nf6 2. c4 g6 3. Nc3 Bg7 4. e4 d6 5. Bd3 0-0 6. Nge2 Nc6 7. Bc2 e5 8. d5 Nd4 9. Nxd4 exd4 10. Ne2 Re8 11. f3 c5 12. dxc6 bxc6 13. Nxd4 Qb6 14. Be3 Qxb2 15. 0-0 Qc3 16. Bf2 Ba6 17. Bb3 d5 18. Rc1 Qb2 19. Nxc6 dxe4 20. fxe4 Nxe4 21. Bd4 Bxd4+ 22. Qxd4 Qxd4+ 23. Nxd4 Nc5 24. Rc3 Rad8 25. Nf3 Re2 26. Rcc1 Bb7 27. Rc2 Re3 28. Rd2 Rxd2 29. Nxd2 Kg7 30. Rb1 Re2 31. Nf3 Be4 32. Rd1 f5 33. h4 Rb2 34. Rd2 Rb1+ 35. Rd1 Rxd1+ 36. Bxd1 Kf6 37. Kf2 h6 38. Ke3 g5 39. hxg5+ hxg5 40. g3 Bxf3 41. Bxf3 Ke5 42. Bd5 a5 43. Bg2 Nd7 44. Bc6 Nf8 45. Be8 Ne6 46. Bb5 Kd6 47. Kd3 Ng7 48. Ke3 Kc5 49. a3 Kd6 50. Ba6 Kc5 51. Bb5 Nh5 52. Kf3 Nf6 53. Ba6 Ng4 54. Bc8 Ne5+ 55. Ke2 f4 56. gxf4 gxf4 57. Be6 Kd4 58. Bg8 Nxc4 59. a4 Ne5 60. Be6 Ke4 61. Bb3 f3+ 62. Kf1 Ke3 63. Bd1 Nc4 0-1

[Event "AUT-ch"]
[Site "Feldkirch"]
[Date "2013.07.25"]
[Round "6"]
[White "Maier, Peter"]
[Black "Ly, Dominik"]
[Result "1-0"]
[WhiteElo "2195"]
[BlackElo "1907"]
[PlyCount "57"]
[EventDate "2013.07.20"]
[EventType "swiss"]
[EventRounds "9"]
[EventCountry "AUT"]
[SourceTitle "CBM 155 Extra"]
[Source "ChessBase"]
[SourceDate "2013.08.26"]
[SourceVersion "1"]
[SourceVersionDate "2013.08.26"]
[SourceQuality "1"]

1. d4 Nf6 2. c4 c6 3. Nf3 d5 4. Qc2 g6 5. e3 Bg7 6. Bd3 0-0 7. 0-0 a6 8. Nc3 b5 9. b3 Nbd7 10. Bb2 Re8 11. Rac1 Bb7 12. Rfd1 Rc8 13. c5 e5 14. dxe5 Ng4 15. h3 Ngxe5 16. Nxe5 Bxe5 17. b4 f5 18. Ne2 Qe7 19. Nd4 Rf8 20. Re1 Qf6 21. f4 Bxd4 22. Bxd4 Qe6 23. Qf2 Rfe8 24. g4 fxg4 25. f5 gxf5 26. Bxf5 Qf7 27. Qf4 Nf8 28. Qg5+ Ng6 29. h4 1-0

[Event "AUT-ch"]
[Site "Feldkirch"]
[Date "2013.07.24"]
[Round "5"]
[White "Kessler, Luca"]
[Black "Maier, Peter"]
[Result "1-0"]
[WhiteElo "2280"]
[BlackElo "2195"]
[PlyCount "77"]
[EventDate "2013.07.20"]
[EventType "swiss"]
[EventRounds "9"]
[EventCountry "AUT"]
[SourceTitle "CBM 155 Extra"]
[Source "ChessBase"]
[SourceDate "2013.08.26"]
[SourceVersion "1"]
[SourceVersionDate "2013.08.26"]
[SourceQuality "1"]

1. Nf3 d6 2. d4 Nf6 3. c4 g6 4. Nc3 Bg7 5. e4 0-0 6. Be2 Bg4 7. Be3 Nfd7 8. 0-0 e5 9. d5 a5 10. Ne1 Bxe2 11. Qxe2 Na6 12. Nd3 b6 13. b3 Nac5 14. f3 h6 15. Rab1 f5 16. a3 Nf6 17. Nf2 f4 18. Bd2 a4 19. b4 Nb3 20. Be1 Qd7 21. Qd1 Nd4 22. Nd3 g5 23. Bf2 g4 24. Bxd4 exd4 25. Nb5 gxf3 26. gxf3 Nh5 27. Kf2 Qh3 28. Rh1 Nf6 29. Nxc7 Rac8 30. Ne6 Rxc4 31. Nxf8 Kxf8 32. Rc1 Nxe4+ 33. fxe4 Qe3+ 34. Kg2 Qxe4+ 35. Qf3 Qg6+ 36. Kf2 Rc3 37. Qxf4+ Kg8 38. Rhg1 Qxd3 39. Rxg7+ 1-0

[Event "AUT-ch"]
[Site "Feldkirch"]
[Date "2013.07.20"]
[Round "1"]
[White "Hupfer, Robert"]
[Black "Maier, Peter"]
[Result "0-1"]
[WhiteElo "1905"]
[BlackElo "2195"]
[PlyCount "98"]
[EventDate "2013.07.20"]
[EventType "swiss"]
[EventRounds "9"]
[EventCountry "AUT"]
[SourceTitle "CBM 155 Extra"]
[Source "ChessBase"]
[SourceDate "2013.08.26"]
[SourceVersion "1"]
[SourceVersionDate "2013.08.26"]
[SourceQuality "1"]

1. d4 d6 2. c4 Nf6 3. Nc3 g6 4. e4 Bg7 5. f3 0-0 6. Be3 b6 7. Qd2 c5 8. Nge2 Nc6 9. d5 Ne5 10. Ng3 h5 11. Be2 e6 12. Bg5 exd5 13. Nxd5 Bb7 14. Qf4 Nxd5 15. exd5 f6 16. Bh4 g5 17. Qe4 gxh4 18. Qxh4 f5 19. Qxh5 Qe8 20. Qh4 Ng6 21. Qg5 Bf6 22. Qd2 Bd4 23. Kd1 Be3 24. Qc2 Qe5 25. Bd3 Ne7 26. Re1 f4 27. Nf1 Qd4 28. g3 Rae8 29. gxf4 Nf5 30. Qg2+ Kf7 31. Kc2 Qxf4 32. Rad1 Bc8 33. Kb1 Bd4 34. Re4 Rxe4 35. fxe4 Nh4 36. Qe2 Bg4 37. Qd2 Ng6 38. Re1 Qxd2 39. Nxd2 Ne5 40. Be2 Rh8 41. Bxg4 Nxg4 42. Nf3 Ne5 43. Rf1 Ke7 44. Nxd4 cxd4 45. Rf2 Rh4 46. Rg2 Rxe4 47. Rg7+ Kf6 48. Rxa7 Re1+ 49. Kc2 d3+ 0-1

[Event "AUT-chT2W 0607"]
[Site "Austria"]
[Date "2006.12.01"]
[Round "3"]
[White "Heilinger, Dietmar"]
[Black "Maier, Peter"]
[Result "1/2-1/2"]
[WhiteElo "2142"]
[BlackElo "2169"]
[PlyCount "27"]
[EventDate "2006.10.21"]
[EventType "team"]
[EventRounds "11"]
[EventCountry "AUT"]
[SourceTitle "CBM 115 Extra"]
[Source "ChessBase"]
[SourceDate "2007.01.10"]
[SourceVersion "1"]
[SourceVersionDate "2007.01.10"]
[SourceQuality "1"]

1. c4 g6 2. g3 Bg7 3. Bg2 d6 4. Nc3 Nd7 5. e4 e5 6. Nge2 Ne7 7. d3 0-0 8. Be3 Nc6 9. Qd2 Nc5 10. 0-0 Nd4 11. f3 a5 12. Bf2 Nce6 13. Nxd4 Nxd4 14. Ne2 1/2-1/2

[Event "AUT-chT2W 0506"]
[Site "Austria"]
[Date "2005.12.04"]
[Round "5"]
[White "Endthaler, Arnold"]
[Black "Maier, Peter"]
[Result "1/2-1/2"]
[WhiteElo "2056"]
[BlackElo "2178"]
[PlyCount "23"]
[EventDate "2005.10.08"]
[EventType "team"]
[EventRounds "11"]
[EventCountry "AUT"]
[SourceTitle "EXT 2007"]
[Source "ChessBase"]
[SourceDate "2006.11.23"]
[SourceVersion "1"]
[SourceVersionDate "2006.11.23"]
[SourceQuality "1"]
[WhiteTeam "Inter Sbg Sued"]
[BlackTeam "Lustenau"]
[WhiteTeamCountry "AUT"]
[BlackTeamCountry "AUT"]

1. e4 c5 2. Nf3 e6 3. d4 cxd4 4. Nxd4 a6 5. Bd3 Nf6 6. 0-0 Qc7 7. Qe2 d6 8. Nc3 Be7 9. Be3 Nbd7 10. f4 b5 11. Nb3 Bb7 12. a3 1/2-1/2

[Event "Liechtenstein op 22nd"]
[Site "Triesen"]
[Date "2004.05.22"]
[Round "9"]
[White "Pilz, Dieter"]
[Black "Maier, Peter"]
[Result "1-0"]
[WhiteElo "2349"]
[BlackElo "2160"]
[PlyCount "53"]
[EventDate "2004.05.14"]
[EventType "swiss"]
[EventRounds "9"]
[EventCountry "LIE"]
[SourceTitle "CBM 100 Extra"]
[Source "ChessBase"]
[SourceDate "2004.07.06"]
[SourceVersion "2"]
[SourceVersionDate "2004.07.06"]
[SourceQuality "1"]

1. Nf3 g6 2. c4 Bg7 3. Nc3 d6 4. g3 f5 5. d4 Nf6 6. Bg2 0-0 7. 0-0 Qe8 8. b3 c6 9. Bb2 e5 10. dxe5 dxe5 11. e4 f4 12. Qd6 Nh5 13. Na4 Nd7 14. Rad1 Rf7 15. Ng5 Rf6 16. Qc7 h6 17. Bh3 hxg5 18. Bxd7 Bxd7 19. Rxd7 Rc8 20. Qxb7 Rb8 21. Qxa7 Ra8 22. Qc7 Rc8 23. Re7 Qf8 24. Qxe5 Rf7 25. Rxf7 Qxf7 26. Qxg5 Bh6 27. Qxh6 1-0

[Event "AUT-chT2W 0304"]
[Site "Austria"]
[Date "2003.10.19"]
[Round "2"]
[White "Maier, Peter"]
[Black "Gruber, Michael"]
[Result "1/2-1/2"]
[WhiteElo "2160"]
[BlackElo "2131"]
[PlyCount "54"]
[EventDate "2003.10.18"]
[EventType "team-tourn"]
[EventRounds "11"]
[EventCountry "AUT"]
[SourceTitle "CBM 097 Extra"]
[Source "ChessBase"]
[SourceDate "2004.01.13"]
[SourceVersion "1"]
[SourceVersionDate "2004.01.13"]
[SourceQuality "1"]
[WhiteTeam "Bregenz"]
[BlackTeam "Absam"]
[WhiteTeamCountry "AUT"]
[BlackTeamCountry "AUT"]

1. Nf3 f5 2. d4 g6 3. g3 Bg7 4. Bg2 Nf6 5. 0-0 0-0 6. c4 d6 7. Nc3 Qe8 8. d5 Na6 9. Be3 Bd7 10. Qc1 c6 11. Bh6 Rc8 12. Bxg7 Kxg7 13. Nd4 Nc7 14. Qd2 c5 15. Nf3 b5 16. cxb5 Nxb5 17. e4 fxe4 18. Ng5 Nd4 19. Ngxe4 Nxe4 20. Nxe4 Bh3 21. f4 Bxg2 22. Kxg2 Qf7 23. Nc3 Rb8 24. Rae1 Rb4 25. Re4 Rfb8 26. b3 a5 27. Kg1 R8b7 1/2-1/2

[Event "AUT-chT2W 0203"]
[Site "Austria"]
[Date "2002.10.12"]
[Round "2"]
[White "Kranz, Armin"]
[Black "Maier, Peter"]
[Result "0-1"]
[WhiteElo "2153"]
[BlackElo "2164"]
[PlyCount "88"]
[EventDate "2002.10.??"]
[EventType "team"]
[EventRounds "11"]
[EventCountry "AUT"]
[SourceTitle "EXT 2004"]
[Source "ChessBase"]
[SourceDate "2003.11.25"]
[SourceVersion "1"]
[SourceVersionDate "2003.11.25"]
[SourceQuality "1"]

1. d4 g6 2. Nf3 Bg7 3. g3 d6 4. Bg2 Nf6 5. c4 0-0 6. Nc3 Nbd7 7. 0-0 e5 8. h3 a6 9. e4 b5 10. cxb5 axb5 11. dxe5 dxe5 12. b4 Rb8 13. Re1 Qe7 14. Rb1 Re8 15. Qe2 c5 16. bxc5 b4 17. Nd5 Nxd5 18. exd5 Qxc5 19. Ng5 Qa5 20. Rd1 Nc5 21. Be3 Bf5 22. Rbc1 Na4 23. g4 Bd7 24. d6 Nc3 25. Qc4 Rf8 26. Rxc3 bxc3 27. Bd5 Rbc8 28. Bxf7+ Kh8 29. Qb3 c2 30. Rc1 Rc3 31. Qb7 Rxe3 32. Rxc2 Re1+ 33. Kg2 Qa8 34. Qxa8 Rxa8 35. Rc7 Bf6 36. Bd5 Rf8 37. Nf7+ Rxf7 38. Bxf7 Bb5 39. Bb3 Re2 40. d7 Rd2 41. Rc8+ Kg7 42. a4 Bxd7 43. Rg8+ Kh6 44. Bc4 Bh4 0-1

[Event "AUT-chT2W 0102"]
[Site "Austria"]
[Date "2002.03.10"]
[Round "11.4"]
[White "Maier, Peter"]
[Black "Silber, Henning"]
[Result "1/2-1/2"]
[WhiteElo "2142"]
[BlackElo "2248"]
[PlyCount "46"]
[EventDate "2001.10.12"]
[EventType "team"]
[EventRounds "11"]
[EventCountry "AUT"]
[SourceTitle "EXT 2002"]
[Source "ChessBase"]
[SourceDate "2001.11.25"]
[SourceVersion "1"]
[SourceVersionDate "2001.11.25"]
[SourceQuality "1"]

1. d4 d5 2. Nf3 e6 3. e3 c5 4. c3 Nc6 5. Bd3 Nf6 6. Nbd2 Be7 7. 0-0 0-0 8. Qe2 b6 9. dxc5 bxc5 10. e4 dxe4 11. Nxe4 Bb7 12. Nxf6+ Bxf6 13. Qe4 g6 14. Bh6 Bg7 15. Bxg7 Kxg7 16. Qe3 Qe7 17. Be4 Rac8 18. Rfd1 Rfd8 19. h3 f6 20. Rd2 Rxd2 21. Nxd2 Nd8 22. Rd1 Bxe4 23. Nxe4 Nf7 1/2-1/2

[Event "AUT-chT2W 0102"]
[Site "Austria"]
[Date "2001.10.13"]
[Round "2.3"]
[White "Maier, Peter"]
[Black "Gsteu, Peter"]
[Result "1-0"]
[WhiteElo "2142"]
[BlackElo "2211"]
[PlyCount "21"]
[EventDate "2001.10.12"]
[EventType "team"]
[EventRounds "11"]
[EventCountry "AUT"]
[SourceTitle "EXT 2002"]
[Source "ChessBase"]
[SourceDate "2001.11.25"]
[SourceVersion "1"]
[SourceVersionDate "2001.11.25"]
[SourceQuality "1"]

1. d4 Nf6 2. Nf3 e6 3. e3 b6 4. Nbd2 Bb7 5. Bd3 Be7 6. e4 d5 7. Qe2 0-0 8. e5 Nfd7 9. h4 c5 10. Bxh7+ Kxh7 11. Ng5+ 1-0

[Event "AUT-chT2W 9900"]
[Site "Austria"]
[Date "2000.01.23"]
[Round "8"]
[White "Mira, Helene"]
[Black "Maier, Peter"]
[Result "1-0"]
[WhiteElo "2177"]
[BlackElo "2085"]
[PlyCount "81"]
[EventDate "1999.10.15"]
[EventType "team"]
[EventRounds "11"]
[EventCountry "AUT"]
[SourceTitle "EXT 2000"]
[Source "ChessBase"]
[SourceDate "1999.11.16"]
[SourceVersion "1"]
[SourceVersionDate "1999.11.16"]
[SourceQuality "1"]

1. d4 Nf6 2. c4 d6 3. Nf3 Nbd7 4. g3 c6 5. Bg2 e5 6. e3 Be7 7. 0-0 0-0 8. Nc3 Re8 9. e4 Qc7 10. Re1 Nf8 11. h3 a6 12. d5 b5 13. cxb5 cxb5 14. Bd2 N8d7 15. Rc1 Qb8 16. Bf1 Nb6 17. a3 Bd7 18. b3 Rc8 19. Kh2 Ra7 20. Bd3 Rac7 21. Qe2 Be8 22. Na2 Qb7 23. Rxc7 Rxc7 24. Ba5 Rc8 25. Qe3 Nfd7 26. Rc1 Nc5 27. Bxb6 Qxb6 28. b4 Qb8 29. bxc5 dxc5 30. a4 c4 31. Bf1 Bc5 32. Qd2 Qb6 33. axb5 axb5 34. Kg2 f6 35. Rd1 Bd6 36. Rb1 Bg6 37. Qc2 Qa5 38. Nh4 Bxe4+ 39. Qxe4 Qxa2 40. Rxb5 Bf8 41. d6 1-0

[Event "AUT-chT2W 9900"]
[Site "Austria"]
[Date "2000.01.22"]
[Round "7"]
[White "Maier, Peter"]
[Black "Rothfuss, Oliver"]
[Result "1/2-1/2"]
[WhiteElo "2085"]
[BlackElo "2191"]
[PlyCount "89"]
[EventDate "1999.10.15"]
[EventType "team"]
[EventRounds "11"]
[EventCountry "AUT"]
[SourceTitle "EXT 2000"]
[Source "ChessBase"]
[SourceDate "1999.11.16"]
[SourceVersion "1"]
[SourceVersionDate "1999.11.16"]
[SourceQuality "1"]

1. Nf3 g6 2. g3 Bg7 3. Bg2 c5 4. 0-0 Nc6 5. d3 e6 6. e4 Nge7 7. Nbd2 0-0 8. Re1 Qc7 9. Qe2 d6 10. c3 b6 11. Nf1 a5 12. h4 Ba6 13. N1h2 Rad8 14. h5 Ne5 15. Rd1 N7c6 16. hxg6 Nxf3+ 17. Nxf3 fxg6 18. Ng5 Rde8 19. f4 Bc8 20. Bh3 e5 21. Qh2 h6 22. Nf3 exf4 23. gxf4 g5 24. Bg2 Bg4 25. Qg3 Bxf3 26. Bxf3 gxf4 27. Bxf4 Ne5 28. Bg2 Re6 29. Bxe5 Rxe5 30. Rf1 Rxf1+ 31. Rxf1 Qe7 32. Rf5 Rxf5 33. exf5 Qe5 34. Qxe5 Bxe5 35. Kf2 Kg7 36. Ke3 Kf6 37. d4 cxd4+ 38. cxd4 Bh2 39. Ke4 h5 40. Bh3 Bg1 41. Kd5 Bf2 42. Kxd6 Bxd4 43. b3 Bc5+ 44. Kd5 Kg5 45. Kc6 1/2-1/2

[Event "Liechtenstein op 18th"]
[Site "Triesen"]
[Date "2000.??.??"]
[Round "5"]
[White "Dittmar, Peter"]
[Black "Maier, Peter"]
[Result "1/2-1/2"]
[WhiteElo "2308"]
[BlackElo "2108"]
[PlyCount "85"]
[EventDate "2000.05.27"]
[EventType "swiss"]
[EventRounds "9"]
[EventCountry "LIE"]
[SourceTitle "EXT 2001"]
[Source "ChessBase"]
[SourceDate "2000.11.22"]
[SourceVersion "1"]
[SourceVersionDate "2000.11.22"]
[SourceQuality "1"]

1. c4 Nf6 2. Nc3 g6 3. g3 Bg7 4. Bg2 0-0 5. e4 d6 6. Nge2 e5 7. 0-0 Nc6 8. d3 Be6 9. h3 Qc8 10. Kh2 Ne7 11. Nd5 Nfxd5 12. cxd5 Bd7 13. d4 f5 14. dxe5 Bxe5 15. Bg5 Re8 16. Bxe7 Rxe7 17. exf5 Bxf5 18. Nd4 Bd7 19. Re1 Qe8 20. f4 Bf6 21. Qd2 Bxd4 22. Rxe7 Qxe7 23. Qxd4 c5 24. dxc6 Bxc6 25. Qc4+ Qf7 26. Qxf7+ Kxf7 27. Rd1 Bxg2 28. Kxg2 Ke6 29. Kf3 Rc8 30. Ke3 Rc2 31. Rd2 Rc1 32. Re2 Kd5 33. Kf3 Rc7 34. g4 Rf7 35. g5 Kc5 36. Rc2+ Kd4 37. Rd2+ Kc5 38. h4 d5 39. h5 d4 40. hxg6 hxg6 41. Rc2+ Kd5 42. Rc8 Re7 43. Rd8+ 1/2-1/2

[Event "AUT-chT3 9899"]
[Site "Austria"]
[Date "1999.02.19"]
[Round "9"]
[White "Eiler, Gebhard"]
[Black "Maier, Peter"]
[Result "0-1"]
[WhiteElo "2075"]
[BlackElo "2190"]
[PlyCount "79"]
[EventDate "1998.??.??"]
[EventType "team"]
[EventRounds "9"]
[EventCountry "AUT"]
[SourceTitle "EXT 2002"]
[Source "ChessBase"]
[SourceDate "2001.11.25"]
[SourceVersion "1"]
[SourceVersionDate "2001.11.25"]
[SourceQuality "1"]

1. d4 Nf6 2. Nf3 d6 3. Nc3 g6 4. e4 Bg7 5. Be2 0-0 6. 0-0 a6 7. a4 b6 8. Re1 Bb7 9. Bf1 Nc6 10. h3 e5 11. d5 Nd4 12. Be3 Nxf3+ 13. Qxf3 Nd7 14. Qg3 Kh8 15. h4 f5 16. Bg5 Qe8 17. h5 f4 18. Qh2 gxh5 19. Be2 Nf6 20. Bxf6 Rxf6 21. Ra3 Rh6 22. Na2 Bf6 23. Rc3 Qf7 24. Rh3 h4 25. Bg4 Qg7 26. Bf5 Rh5 27. Be6 Rg5 28. Kh1 Rg6 29. Bf5 Rg5 30. Be6 Bc8 31. Bxc8 Rxc8 32. Rg1 Rg4 33. Nb4 Rg8 34. f3 Rg3 35. Nd3 Qd7 36. b3 b5 37. a5 c6 38. Nb4 c5 39. Nc6 R8g6 40. Ra1 0-1

[Event "AUT-chT3 9899"]
[Site "Austria"]
[Date "1998.11.06"]
[Round "4"]
[White "Gasser, Klaus"]
[Black "Maier, Peter"]
[Result "0-1"]
[WhiteElo "2115"]
[BlackElo "2190"]
[PlyCount "50"]
[EventDate "1998.??.??"]
[EventType "team"]
[EventRounds "9"]
[EventCountry "AUT"]
[SourceTitle "EXT 2002"]
[Source "ChessBase"]
[SourceDate "2001.11.25"]
[SourceVersion "1"]
[SourceVersionDate "2001.11.25"]
[SourceQuality "1"]

1. Nf3 Nf6 2. g3 g6 3. Bg2 Bg7 4. 0-0 0-0 5. c4 d6 6. Nc3 e5 7. d3 Nc6 8. Rb1 Bd7 9. b4 Qc8 10. Nd5 Nxd5 11. cxd5 Ne7 12. e4 Bg4 13. Qc2 c6 14. dxc6 Nxc6 15. Be3 Nd4 16. Qxc8 Rfxc8 17. Bxd4 exd4 18. Rfc1 Rc3 19. Rxc3 dxc3 20. Rc1 Rc8 21. Rc2 Bd7 22. Ne1 Ba4 23. Rc1 c2 24. d4 Bxd4 25. Nd3 Bc3 0-1